Śrīmadbhagavatpatañjalimaharṣipraṇīte Vyākaraṇamahābhāṣye prathamaḥ-[tr̥tīyaḥ] khaṇḍaḥ. (Record no. 77117)

MARC details
000 -LEADER
fixed length control field 00981cam a22002771 4500
001 - CONTROL NUMBER
control field sa 68000314
003 - CONTROL NUMBER IDENTIFIER
control field DLC
005 - DATE AND TIME OF LATEST TRANSACTION
control field 20260227112422.0
008 - FIXED-LENGTH DATA ELEMENTS--GENERAL INFORMATION
fixed length control field 900209s1967 ii 000 0 sano
010 ## - LIBRARY OF CONGRESS CONTROL NUMBER
LC control number sa 68000314
035 ## - SYSTEM CONTROL NUMBER
System control number (OCoLC)21028006
040 ## - CATALOGING SOURCE
Original cataloging agency DLC
Transcribing agency WaU
Modifying agency DLC
050 00 - LIBRARY OF CONGRESS CALL NUMBER
Classification number PK531
Item number .A1 1967
100 0# - MAIN ENTRY--PERSONAL NAME
Personal name Patañjali.
245 10 - TITLE STATEMENT
Title Śrīmadbhagavatpatañjalimaharṣipraṇīte Vyākaraṇamahābhāṣye prathamaḥ-[tr̥tīyaḥ] khaṇḍaḥ.
260 ## - PUBLICATION, DISTRIBUTION, ETC.
Date of publication, distribution, etc. [1967]
300 ## - PHYSICAL DESCRIPTION
Extent 3 v.
Dimensions 23 cm.
500 ## - GENERAL NOTE
General note In Sanskrit.
500 ## - GENERAL NOTE
General note "Published under the auspices of the Govt. of India."
650 #0 - SUBJECT ADDED ENTRY--TOPICAL TERM
Topical term or geographic name entry element Sanskrit language
General subdivision Grammar.
700 0# - ADDED ENTRY--PERSONAL NAME
Personal name Pāṇini.
Title of a work Aṣṭādhyāyī.
700 0# - ADDED ENTRY--PERSONAL NAME
Personal name Kaiyaṭa.
Title of a work Pradīpa.
700 02 - ADDED ENTRY--PERSONAL NAME
Personal name Nāgeśabhaṭṭa,
Dates associated with a name active 1670-1750.
Title of a work Bhāsyapradīpoddyota.
700 02 - ADDED ENTRY--PERSONAL NAME
Personal name Vaidyanātha Pāyaguṇḍe,
Dates associated with a name active 18th century.
Title of a work Chāyā.
740 0# - ADDED ENTRY--UNCONTROLLED RELATED/ANALYTICAL TITLE
Uncontrolled related/analytical title Vyākaraṇamahābhāṣye prathamaḥ-[tr̥tīyaḥ] khaṇḍaḥ.

No items available.

Powered by Koha